South American Geography by Letter - O - Statistics

General Stats
  • This quiz has been taken 40 times
  • The average score is 7 of 16
Answer Stats
Clue Answer % Correct
Product that accounts for over 90% of Venezuelan exports Oil
100%
Major river that flows through the middle of Venezuela Orinoco
74%
Brazil exports roughly 70% of this common breakfast beverage Orange juice
63%
National motto of Brazil {Ordem} e Progresso
63%
Famous event Maracanã Stadium was used for in 2016 Summer Olympics
63%
Wild cat species much smaller than a jaguar, but with a similar pattern Ocelot
60%
Capital of the Dutch island of Aruba {Oranje}stad
54%
Official name of Uruguay (hint: east) {Oriental} Republic of Uruguay
49%
Monument built in Buenos Aires to celebrate its 400th anniversary {Obelisco} de Buenos Aires
40%
Highest volcano in the world, measuring 6,893 meters {Ojos} del Salado
37%
Mammal with a population of only 2,000-5,000 left, mostly in the Amazon Giant {otter}
26%
Bolivian city sometimes spelled "Uru Uru" Oruro
20%
Fifth largest city in Greater São Paulo Osasco
14%
Town in Brazil that was the center of a gold rush in the 18th century, and is now famous for its preserved Portuguese architecture Ouro Preto
14%
Suburb of Recife that is known for its colorful houses Olinda
11%
Remote city in Chile that is the southern terminus of the Carretera Austral Villa {O}'{Higgins}
11%
No matching quizzes found
Score Distribution
Percent of People with Each Score
Percentile by Number Answered
Your Score History
You have not taken this quiz